Polscy skoczkowie którzy punktowali w PŚ w skokach narciarskich - Statystyki

Ogólne statystyki
  • Ten quiz został rozwiązany 85 razy
  • Średni wynik to 9 z 28
Statystyki odpowiedzi
Łączne punkty w PŚ Skoczek % Poprawnych
11.352 pkt (1.531 pkt) Adam Małysz
91%
12.509 pkt (1.524 pkt) Kamil Stoch
91%
4.387 pkt (1.169 pkt) Dawid Kubacki
85%
5.447 pkt (1.131 pkt) Piotr Żyła
81%
2.476 pkt (985 pkt) Maciej Kot
75%
1.126 pkt (431 pkt) Stefan Hula
60%
145 pkt (144 pkt) Krzysztof Biegun
49%
579 pkt (473 pkt) Andrzej Stękała
45%
667 pkt (328 pkt) Jakub Wolny
43%
500 pkt (312 pkt) Jan Ziobro
40%
455 pkt (141 pkt) Klemens Muranka
34%
2 pkt (2x 1 pkt) Tomasz Pilch
34%
256 pkt (81 pkt) Aleksander Zniszczoł
24%
179 pkt (77 pkt) Marcin Bachleda
24%
283 pkt (133 pkt) Robert Mateja
22%
8 pkt (5 pkt) Łukasz Kruczek
18%
79 pkt (62 pkt) Paweł Wąsek
18%
113 pkt (89 pkt) Wojciech Skupień
15%
212 pkt (103 pkt) Krzysztof Miętus
13%
9 pkt (-) Wojciech Tajner
12%
20 pkt (-) Grzegorz Miętus
10%
108 pkt (79 pkt) Łukasz Rutkowski
10%
2 pkt (-) Tomasz Byrt
7%
17 pkt (-) Mateusz Rutkowski
6%
55 pkt (33 pkt) Rafał Śliż
6%
42 pkt (38 pkt) Tomasz Pochwała
4%
22 pkt (15 pkt) Tomisław Tajner
4%
3 pkt (-) Krystian Długopolski
1%
Nie znaleziono quizów pasujących do podanych kryteriów
Rozkład punktacji
Procent ludzi z każdym wynikiem
Percentyl według liczby udzielonych odpowiedzi
Twoja historia wyników
Nie rozwiązałeś tego quizu